| 000 | 00965nam a2200217 a 4500 | ||
|---|---|---|---|
| 001 | 21376 | ||
| 003 | CO-ViMGA | ||
| 008 | 141112s2004 ck r 000 u spa d | ||
| 020 | _a1572318198 | ||
| 040 |
_aCO-ViMGA _bspa _cCO-ViMGA |
||
| 082 | 0 | 4 | _a005.43 R877g |
| 100 | 1 |
_aRusell, Charlie; Crawford, Sharon _930518 |
|
| 245 | 1 | 0 | _aGuía completa de microsoft windows 2000 server |
| 260 |
_aMadrid; Mc Graw Hill, _c2003 |
||
| 300 | _a1243 | ||
| 505 | _aInstalación y configuración inicial 47 - - Actualización a windows 2000 129 - - Administración de redes 271 - - Servicios de soporte y características 563 - - Ajustes, mantenimiento y reparación 965 | ||
| 590 | _aForma de adquisición : Compra fact. 0864 - - Precio : 165000 - - Proveedor : Temas y libros - - Fecha de adquisición : Mayo 2007 | ||
| 650 | 1 | 4 |
_aMICROSOFT WINDOWS 2000 SERVER (PROGRAMA PARA COMPUTADOR) _930519 |
| 650 | 1 | 4 |
_aSISTEMAS OPERACIONALES (COMPUTADORES) _930520 |
| 942 |
_2ddc _cBK |
||
| 999 |
_c29992 _d29992 |
||